Guitar player
| Format: | Electronic Journal |
|---|---|
| Language: | English |
| Published: |
[San Francisco, CA, etc.]
[Miller Freeman Publications, etc.]
New York, NY : Future |
| Subjects: | |
| Online Access: | Full text available from Research Library: 01/01/1992 to present Full text available from Research Library: 01/01/1992 to 01/31/2017 |
MARC
| LEADER | 00000nas a2200000 4500 | ||
|---|---|---|---|
| 001 | ssj0012574 | ||
| 003 | WaSeSS | ||
| 005 | 20200512172242.0 | ||
| 006 | m d | ||
| 007 | cr n | ||
| 008 | 751101c19679999nyumn p s 0 a0eng c | ||
| 010 | |a 88662957 |z sf 86007027 |z sc 82006985 |z sn 78000459 | ||
| 016 | 7 | |a 009196602 |2 Uk | |
| 022 | |l 0017-5463 |y 0017-5463 | ||
| 032 | |a 531750 |b USPS | ||
| 035 | |a (WaSeSS)ssj0012574 | ||
| 037 | |b Future, 28 East 28th Street, 12th Floor, New York, NY 10016 | ||
| 040 | |a MUL |b eng |c MUL |d OCL |d NSD |d IUL |d FUG |d DLC |d AIP |d NSD |d NST |d DLC |d NST |d DLC |d NSD |d NST |d CUS |d OCLCQ |d CDS |d CRU |d U9S |d CDS |d OCLCQ |d OCLCO |d OCLCQ |d OCLCF |d OCLCO |d GRR |d OCLCO |d DLC |d OCLCQ |d NGRPY |d UKMGB |d CPO |d OCLCO |d AZZPT |d ZAS |d OCLCO |d X#4 |d OCLCO |d OCLCQ |d OCLCO |d WaSeSS | ||
| 042 | |a nsdp |a pcc | ||
| 050 | 0 | 0 | |a ML1 |b .G965 |
| 050 | 1 | 4 | |a MT580.A1 |b G83 |
| 082 | 1 | 0 | |a 787 |2 11 |
| 210 | 0 | |a Guitar play. | |
| 222 | 0 | |a Guitar player | |
| 245 | 0 | 0 | |a Guitar player |h [electronic resource]. |
| 246 | 1 | 3 | |a Guitar player magazine |
| 260 | |3 <1967- Oct. 2018>: |a [San Francisco, CA, etc.] |b [Miller Freeman Publications, etc.] | ||
| 260 | 3 | |3 <Nov. 2018>- : |a New York, NY : |b Future | |
| 310 | |a Monthly with an extra issue in December | ||
| 362 | 0 | |a v. 1- 1967- | |
| 506 | |a License restrictions may limit access. | ||
| 515 | |a Vol. 43 no. 12 and no. 13 incorrectly called v. 44, no. 12 and no. 13. | ||
| 515 | |a December issue also called Holiday issue, <-2014>; issue no. 13 also called Holiday issue, <2015-> | ||
| 588 | |a Latest issue consulted: Vol. 52, no. 11 (Nov. 2018). | ||
| 650 | 0 | |a Guitar |v Periodicals. | |
| 650 | 6 | |a Guitare |v Périodiques. | |
| 650 | 7 | |a Guitar. |2 fast |0 (OCoLC)fst00949140 | |
| 655 | 0 | |a Electronic journals. | |
| 850 | |a AzU |a CLSU |a CU-I |a CaNSCS |a CaNSHD |a CaQMU |a CaSSU |a CoU |a DLC |a FU |a GU |a IaU |a KU |a KyU |a MiDW |a NhD |a NjR |a PPi |a PPiU |a RPB |a ViBlbV |a ViU |a ViW | ||
| 853 | 2 | 0 | |8 1 |a v. |b no. |u 12 |v r |i (year) |j (month) |g issue |w m |x 01 |
| 853 | 2 | 0 | |8 2 |a v. |b no. |u 13 |v r |i (year) |j (month) |w 13 |x 01 |
| 856 | 4 | 0 | |z Full text available from Research Library: 01/01/1992 to present |u https://search.proquest.com/publication/35708 |
| 856 | 4 | 0 | |z Full text available from Research Library: 01/01/1992 to 01/31/2017 |u https://search.proquest.com/publication/2430 |
| 863 | 4 | 0 | |8 1.1 |a <37>-42 |b <2>-12 |i <2003>-2008 |j <02>-12 |g <398> |
| 863 | 4 | 1 | |8 2.1 |a 44 |b 1 |i 2010 |j 01 |